000 00642nam a2200205 i 4500
001 64324
003 ES-MaACL
005 20230906165113.0
007 t|
008 031223s1962 sp ||||1| spa d
100 1 _aFloristán, Casiano (
_d1926-2006)
_951340
245 1 3 _aEl año litúrgico /
_cCasiano Floristán Samanes.
260 _aBarcelona :
_bJuan Flors,
_c1962.
300 _aXVI, 257 p. ;
_c24 cm.
490 1 _aColección de lecciones de pastoral ;
_v11
650 0 4 _aAño litúrgico.
_99903
830 0 _aColección de lecciones de pastoral ;
_v11
_9183518
852 _aES-MaACL
_jC-24075
_bR.51104
999 _c64324
_d64324